| 000 | 00743nam a22002175i 4500 | ||
|---|---|---|---|
| 001 | 156452 | ||
| 003 | ES-MaACL | ||
| 005 | 20230906210419.0 | ||
| 008 | 000103s1862 fr a |||| | fre d | ||
| 040 |
_aM-RACE _bspa _cM-RACE _dCCPB | B |
||
| 100 | 1 |
_aJouvencel, Paul de. _9128371 |
|
| 245 | 1 | 0 |
_aGenèse selon la science _b: les commencements du monde / _cpar Paul de Jouvencel. |
| 250 | _a2e éd. rev. et augm. | ||
| 260 |
_aParis : _bGarnier Frères, _c1862. |
||
| 300 |
_a415 p. ; _c18 cm. |
||
| 650 | 0 | 4 |
_aCosmología. _911389 |
| 650 |
_aTierra (Planeta)- _xOrigen. _9178537 |
||
| 752 |
_aFrancia - _dParis |
||
| 852 |
_aES-MaACL _jG-10744 _z- Enc. hol. _x- Edic: Completar T260: (Imp. Simon Raçon et Comp. |
||
| 999 |
_c156452 _d156452 |
||